Štýl vedenia ako nástroj zvyšovania produktivity práce
Skúmanie štýlov vedenia v dvoch podnikoch pôsobiacich v stavebníctve v SR. Dotazníkový prieskum a prezentovanie výsledkov prieskumu zameraného na preskúmanie pôsobenia preferovaného štýlu vedenia manažéra na produktivitu práce. Porovnanie názorov zamestnancov podniku na vplyv štýlu vedenia na produk...
Enregistré dans:
| Auteur principal: | |
|---|---|
| Format: | Chapitre de livre |
| Langue: | slovaque |
| Sujets: | |
| Tags: |
Pas de tags, Soyez le premier à ajouter un tag!
|
MARC
| LEADER | 00000naa a2200000 4500 | ||
|---|---|---|---|
| 001 | 0146583 | ||
| 005 | 20240502072638.1 | ||
| 041 | 0 | |a slo | |
| 044 | |a SK | ||
| 245 | 1 | 0 | |a Štýl vedenia ako nástroj zvyšovania produktivity práce |c Cecília Olexová |
| 520 | |a Skúmanie štýlov vedenia v dvoch podnikoch pôsobiacich v stavebníctve v SR. Dotazníkový prieskum a prezentovanie výsledkov prieskumu zameraného na preskúmanie pôsobenia preferovaného štýlu vedenia manažéra na produktivitu práce. Porovnanie názorov zamestnancov podniku na vplyv štýlu vedenia na produktivitu práce. | ||
| 610 | 2 | 0 | |a manažment |
| 610 | 2 | 0 | |a vedenie podniku |
| 610 | 2 | 0 | |a riadenie |
| 610 | 2 | 0 | |a manažéri |
| 610 | 2 | 0 | |a zamestnanci |
| 610 | 2 | 0 | |a produktivita práce |
| 610 | 2 | 0 | |a štýl vedenia |
| 610 | 2 | 0 | |a prieskum |
| 100 | 1 | |a Olexová, Cecília, 1976- | |